000
00255nam a22001097a 4500
082
_a
336.3 HAN'M
100
_a
HASEN, ALVIN H
_9
77112
245
_a
MONETORY THEORY AND FISCAL POLICY
260
_a
TOKYO
_b
MCGRAW HILL
_c
1949
300
_a
236P
942
_c
BK
999
_c
582438
_d
582438